| 000 | 00000nam##2200000za#4500 |
| 001 | 9.571327 |
| 003 | CaOODSP |
| 005 | 20210624182653 |
| 007 | cr ||||||||||| |
| 008 | 150406|1998||||xxc|||||o f|0| 0 eng|d |
| 040 | |aCaOODSP|beng |
| 043 | |an-cn--- |
| 086 | 1 |aTU3-5/98-38E-PDF |
| 110 | 2 |aTransportation Safety Board of Canada. |
| 245 | 10|aEngine failure, Martinair Holland N.V., Boeing 767-300 PH-MCI, Calgary International Airport, Alberta, 14 September 1998 |h[electronic resource] |
| 260 | |aGatineau - Quebec : |bTransportation Safety Board of Canada |c[1999]. |
| 300 | |a5p. |
| 490 | 1 |aAviation investigation report |vA98W0192 |
| 500 | |a"The Board ... authorized the release of this report on 29 September 1999."--p.5 of 5. |
| 590 | |a12-18-Supp|b2012-04-25 |
| 775 | 08|tPanne de réacteur, Martinair Holland N.V., Boeing 767-300 PH-MCI, Aéroport international de Calgary (Alberta), 14 septembre 1998 |w(CaOODSP)9.601941 |
| 830 | #0|aAviation investigation report ;|vA98W0192|w(CaOODSP)9.504825 |
| 856 | 40|ahttp://publications.gc.ca|qPDF|s82 KB|uhttps://publications.gc.ca/collections/collection_2011/bst-tsb/TU3-5-98-38-eng.pdf|yA98W0192 |